书目信息 |
| 题名: |
章太炎语源学理论
|
|
| 作者: | 朱乐川 著 | |
| 分册: | ||
| 出版信息: | 北京 中华书局 2024.07 |
|
| 页数: | 453页 | |
| 开本: | 24cm | |
| 丛书名: | ||
| 单 册: | ||
| 中图分类: | H139 | |
| 科图分类: | ||
| 主题词: | 汉语--词源学--研究 | |
| 电子资源: | ||
| ISBN: | 978-7-101-16604-0 | |
| 000 | 00905nam0 2200241 450 | |
| 001 | 013151387 | |
| 005 | 20251022093648.89 | |
| 010 | @a978-7-101-16604-0@dCNY148.00 | |
| 100 | @a20240926d2024 em y0chiy0120 ea | |
| 101 | 0 | @achi |
| 102 | @aCN@b110000 | |
| 105 | @aa z 000yy | |
| 106 | @ar | |
| 200 | 1 | @a章太炎语源学理论@9zhang tai yan yu yuan xue li lun@f朱乐川著 |
| 210 | @a北京@c中华书局@d2024.07 | |
| 215 | @a453页@c图@d24cm | |
| 300 | @a国家社科基金后期资助项目 | |
| 330 | @a本书着重分析了章太炎的转注与假借理论、变易与孳乳理论、右文学说及音转理论等语源学理论,并把几种理论放在章太炎的语源学著作中进行分析;且从学术史的角度出发,同沈兼士、黄侃、杨树达等学者的相关理论进行比较,从而阐明章太炎的语源学理论及其发展脉络。 | |
| 606 | 0 | @a汉语@x词源学@x研究 |
| 690 | @aH139@v5 | |
| 701 | 0 | @a朱乐川@9zhu le chuan@4著 |
| 801 | 0 | @aCN@c20250910 |
| 905 | @a河南城建学院图书馆@dH139@eZ850@ZZ850@f1 | |
| 章太炎语源学理论/朱乐川著.-北京:中华书局,2024.07 |
| 453页:图;24cm |
| 国家社科基金后期资助项目 |
| ISBN 978-7-101-16604-0:CNY148.00 |
| 本书着重分析了章太炎的转注与假借理论、变易与孳乳理论、右文学说及音转理论等语源学理论,并把几种理论放在章太炎的语源学著作中进行分析;且从学术史的角度出发,同沈兼士、黄侃、杨树达等学者的相关理论进行比较,从而阐明章太炎的语源学理论及其发展脉络。 |
| ● |
| 相关链接 |
|
|
|
正题名:章太炎语源学理论
索取号:H139/Z850
 
预约/预借
| 序号 | 登录号 | 条形码 | 馆藏地/架位号 | 状态 | 备注 |
| 1 | 1634406 | 216344061 | 语言库209/209语言库 73排2列4层/ [索取号:H139/Z850] | 在馆 |